00602cam a22002411 4500001001300000003000400013005001700017008004100034010001700075025001900092035002000111040002100131042001200152050001700164100003800181245003100219260001100250300001900261500001600280500001900296650002800315999001700343sa 66002593 DLC20260227112230.0940805s1965 ii 000 1 pano  asa 66002593  aPL480:I-Pu-644 a(OCoLC)30890852 aDLCcCUdCUdDLC apremarc00aPK2658b.B531 aBhattal, Kanwerjeet Singh,d1946-10aKoī fera nā luṭṭe. c[1965] a116 p.c19 cm. aIn Panjabi. aShort stories. 0aShort stories, Panjabi. c68470d68470